| 000 | 00721nam a2200229 a 4500 | ||
|---|---|---|---|
| 999 |
_c1467 _d1467 |
||
| 001 | 1467 | ||
| 003 | BD-JhCC | ||
| 005 | 20171019173923.0 | ||
| 008 | 171019s bg |||| ||a| 000 0 ben d | ||
| 020 | _a9844102944 | ||
| 035 | _a(BD-JhCC)1467 | ||
| 040 |
_aBD-JhCC _dBD-JhCC |
||
| 041 | _aben | ||
| 082 |
_a891.4409 _bSAY 2002 |
||
| 100 | _aসায়ীদ, আবদুল্লাহআবু | ||
| 245 |
_aভালোবাসার সাম্পান / _c আবদুল্লাহআবু সায়ীদ |
||
| 260 |
_aঢাকা : _bমাওলা ব্রাদার্স _c২০০২. |
||
| 300 |
_a287 p. : _c22 cm. |
||
| 650 | _aBengali Literature | ||
| 942 |
_2ddc _cBK |
||